Broadway Musicals based on Movies Quiz Stats

 Plays Quiz Updated Feb 13, 2015

Challenge
Share
Tweet
Embed
Score 0/40 Timer 08:00
0 Plays Today
Movie Hint Broadway Musical % Correct
1939 movie featuring Judy GarlandWizard of Oz
88.7%
1952 movie musical starring Gene KellySingin' in the Rain
71.7%
1960 non-musical movie about a man-eating plantLittle Shop of Horrors
71.2%
2001 Dreamworks animated movie with voices by Mike Myers, among othersShrek the Musical
70.4%
1977 disco movie starring John TravoltaSaturday Night Fever
69.8%
1994 Disney animal-centric animated movieThe Lion King
68.6%
2001 movie starring Reese WitherspoonLegally Blonde
61.6%
1991 Disney animated princess movie Beauty and the Beast
60.7%
1975 Monty Python movie about a grailSpamalot
60.1%
1989 Disney animated princess movieThe Little Mermaid
58.2%
1984 movie starring Kevin Bacon and John LithgowFootloose
55.8%
1980 movie starring Dolly Parton9 to 5
53.8%
1950 movie named after a street in LASunset Boulevard
50.9%
1998 non-musical starring Adam Sandler and Drew BarrymoreThe Wedding Singer
50.9%
1964 Disney movie mixing animation with live actionMary Poppins
50.7%
1997 British non-musical comedy about a male striptease actThe Full Monty
50%
1988 non-musical comedy starring Ricki LakeHairspray
47.7%
1968 Mel Brooks movieThe Producers
44%
1988 non-musical featuring Tom HanksBig
42.4%
1980 cult movie musical starring Olivia Newton-JohnXanadu
40.3%
Movie Hint Broadway Musical % Correct
1992 Disney animated movie with voices by Robin Williams, among othersAladdin
37.4%
1974 Mel Brooks movieYoung Frankenstein
34.8%
1982 starring Julie Andrews based on a German filmVictor/Victoria
33.7%
1954 movie with music by Irving BerlinIrving Berlin's White Christmas
31.8%
1988 non-musical starring Steve Martin and Michael CaineDirty Rotten Scoundrels
29.2%
1963 Italian movie titled '8.5'Nine
28.3%
1979 movie about about a nightclub featuring drag entertainmentLa Cage aux Folles
27.9%
2007 musical set in Dublin, IrelandOnce
27%
1968 movie starring Dick Van DykeChitty Chitty Bang Bang
24.9%
1999 Disney animated movie with voices by Minnie Driver, among othersTarzan
23.4%
1992 American musical drama based real events in 1899Newsies
15.7%
1933 movie about staging a musical during the Great Depression42nd Street
15.5%
1967 movie starring Julie AndrewsThoroughly Modern Millie
13.1%
1975 documentary about Edith BealeGrey Gardens
13%
1956 movie about the upper classHigh Society
11.9%
1982 movie titled 'Passione d'Amore'Passion
10.8%
1955 Swedish movie called 'Smiles of a Summer Night'A Little Night Music
10.2%
1960 non-musical movie called 'The Apartment'Promises, Promises
7.8%
1988 Spanish black comedyWomen on the Verge of a Nervous Breakdown
4.5%
1957 movie called 'Nights of Cabiria'Sweet Charity
3.6%

You're not logged in!

Compare scores with friends on all Sporcle quizzes.
Join for Free
OR
Log In

You Might Also Like...

Show Comments

Extras

Top Quizzes Today


Score Distribution

Your Account Isn't Verified!

In order to create a playlist on Sporcle, you need to verify the email address you used during registration. Go to your Sporcle Settings to finish the process.

Report this User

Report this user for behavior that violates our Community Guidelines.

Details: